| 000 | 01678cam a22003734a 4500 | ||
|---|---|---|---|
| 999 |
_c21523 _d21523 |
||
| 001 | 14282594 | ||
| 003 | OSt | ||
| 005 | 20200612094638.0 | ||
| 008 | 060301s2006 enka bd 000 0 eng | ||
| 010 | _a 2006040248 | ||
| 020 | _a9780198606789 (pbk.) | ||
| 020 | _a0198606788 (pbk.) | ||
| 035 | _a(OCoLC)ocm64585874 | ||
| 040 |
_aDLC _coclc _dYDX _dBAKER _dIQU _dMUQ _dDLC |
||
| 042 | _apcc | ||
| 050 | 0 | 0 |
_aNA31 _b.C864 2006 |
| 082 | 0 | 0 |
_a720.3 _222 _bCUR/D |
| 100 |
_aCurl, James Stevens _d1937- _92807 |
||
| 245 | 1 | 2 |
_aA dictionary of architecture and landscape architecture / _cJames Stevens Curl ; with line-drawings by the author. |
| 246 | 3 | 0 | _aArchitecture and landscape architecture |
| 250 | _a2nd ed. | ||
| 260 |
_aOxford [England] ; _aNew York : _bOxford University Press, _c2006. |
||
| 300 |
_axxv, 880 p. : _bill. ; _c24 cm. |
||
| 500 | _a"First published as The dictionary of architecture 1999"--T.p. verso. | ||
| 504 | _aIncludes bibliographical references. | ||
| 650 | 0 |
_aLandscape architecture _vDictionaries. |
|
| 700 | 1 |
_aCurl, James Stevens, _d1937- _tDictionary of architecture. |
|
| 856 | 4 | 1 |
_3Table of contents only _uhttp://www.loc.gov/catdir/enhancements/fy0626/2006040248-t.html |
| 856 | 4 | 2 |
_3Publisher description _uhttp://www.loc.gov/catdir/enhancements/fy0726/2006040248-d.html |
| 856 | 4 | 2 |
_3Contributor biographical information _uhttp://www.loc.gov/catdir/enhancements/fy0726/2006040248-b.html |
| 906 |
_a7 _bcbc _corignew _d1 _eocip _f20 _gy-gencatlg |
||
| 942 |
_2ddc _cBK _h720.3 _iCUR/D _k720.3 _mCUR/D |
||